00323nam a2200133Ia 4500008004100000020001800041041000800059082001000067100001700077245003200094250001100126260003000137650002200167260624s2022 xx 000 0 und d a9781264827237 aeng a614.1 aKent R Olson aPoisoning and Drug Overdose a8th ed bHillMcgraw hill2022c2022 aForensic Medicine